000 00638nam a2200205Ia 4500
008 240729s9999 xx 000 0 und d
022 _a2949-7205
245 0 _aGreen Energy and Resources
260 _aNetherlands
260 _bElsevier
650 _a Energy industries. Energy policy. Fuel trade
650 _a Industries. Land use. Labor
650 _a Mechanical engineering and machinery
650 _a Renewable energy sources | Social Sciences
650 _a Special industries and trades
650 _aTechnology
856 _uhttps://doaj.org/toc/a46621cd4c1f4aad8d0f7c7d90e7ac64
942 _2ddc
942 _cDOAJEJ
999 _c72371
_d72371
945 _a1
_bMadushi Gamage
_c1
_dMadushi Gamage